| 000 | 00440nam a2200145 a 4500 | ||
|---|---|---|---|
| 005 | 20140414132104.0 | ||
| 008 | 100823s19uu xx 00 eng d | ||
| 050 |
_aTR 428.2 _bG99 2007 |
||
| 100 | _aGuzman, Maybelle Koch | ||
| 245 |
_aBe your own english teacher! : _bConfusing english words. |
||
| 260 |
_aManila, Philippines : _bMiflores Publishing, _c2004. |
||
| 440 | _aThe Miflores English Series | ||
| 999 |
_c114546 _d114546 |
||